দ্য কাইট রানার / (Record no. 12324)
[ view plain ]
| 000 -LEADER | |
|---|---|
| fixed length control field | 00800nam a2200241 a 4500 |
| 001 - CONTROL NUMBER | |
| JCCL Control Number | 12324 |
| 003 - CONTROL NUMBER IDENTIFIER | |
| JCCL marc code | BD-JhCC |
| 005 - DATE AND TIME OF LATEST TRANSACTION | |
| control field | 20220825134022.0 |
| 008 - FIXED-LENGTH DATA ELEMENTS--GENERAL INFORMATION | |
| fixed length control field | 210607s2021 bg |||| |||| 000 0 ben d |
| 020 ## - INTERNATIONAL STANDARD BOOK NUMBER | |
| International Standard Book Number | 9789849533665 |
| 035 ## - SYSTEM CONTROL NUMBER | |
| system control number | (BD-JhCC)12324 |
| 040 ## - CATALOGING SOURCE | |
| Original cataloging agency | BD-JhCC |
| Modifying agency | BD-JhCC |
| 041 ## - LANGUAGE CODE | |
| Language code of Book | Bengla |
| 082 ## - DEWEY DECIMAL CLASSIFICATION NUMBER | |
| Classification number | 813.6 |
| Author mark and Year | HOS 2021 |
| 100 ## - MAIN ENTRY--PERSONAL NAME | |
| Personal name | হোসাইনি, খালেদ |
| 245 ## - TITLE STATEMENT | |
| Title | দ্য কাইট রানার / |
| Statement of responsibility, etc | খালেদ হোসাইনি; জামাল নাসের (অনু.) |
| 260 ## - PUBLICATION, DISTRIBUTION, ETC. (IMPRINT) | |
| Place of publication, distribution, etc | ঢাকা : |
| Name of publisher, distributor, etc | বাতিঘর, |
| Date of publication, distribution, etc | ২০২১. |
| 300 ## - PHYSICAL DESCRIPTION | |
| Pagination | ৩২৩ পৃ. : |
| Dimensions | ২১ সেমি. |
| 650 ## - SUBJECT ADDED ENTRY--TOPICAL TERM | |
| Topical term or geographic name as entry element | Betrayal |
| Geographic subdivision | Afghanistan--Kabul |
| 650 ## - SUBJECT ADDED ENTRY--TOPICAL TERM | |
| Topical term or geographic name as entry element | Male friendship |
| 700 ## - ADDED ENTRY--PERSONAL NAME | |
| Personal name | নাসের, জামাল |
| 942 ## - ADDED ENTRY ELEMENTS (KOHA) | |
| Source of classification or shelving scheme | Dewey Decimal Classification |
| Koha item type | Books |
| Koha issues (borrowed), all copies | 3 |
| Source of classification or shelving scheme | Damaged status | Not for loan | Home library | Current library | Shelving location | Date of accession | Cost, normal purchase price | Total Checkouts | Full call number | Barcode | Date last seen | Date checked out | Copy number | Koha item type |
|---|---|---|---|---|---|---|---|---|---|---|---|---|---|---|
| Dewey Decimal Classification | JCC Rouf Library | JCC Rouf Library | General Stacks | 06/07/2021 | 510.00 | 9 | 813.6 HOS 2021 | 16810 | 07/29/2024 | 07/29/2024 | C-1 | Books |